| Tag |
First Indicator |
Second Indicator |
Subfields |
| LEADER |
00000cam a2200000Ii 4500 |
| 001 |
in00004667939 |
| 006 |
m o d |
| 007 |
cr unu|||||||| |
| 008 |
170228s2017 gw a ob 001 0 ger d |
| 005 |
20260122213909.1 |
| 020 |
|
|
|z 9783864904141
|
| 035 |
|
|
|a (OCoLC)973947431
|
| 037 |
|
|
|a CL0500000834
|b Safari Books Online
|
| 040 |
|
|
|a UMI
|b eng
|e rda
|e pn
|c UMI
|d OCLCF
|d OCLCA
|d OCL
|d VT2
|d OCLCO
|d OCLCQ
|
| 049 |
|
|
|a TXAM
|
| 050 |
|
4 |
|a QA76.758
|
| 082 |
0 |
4 |
|a 005.1
|2 23
|
| 100 |
1 |
|
|a Linz, Tilo,
|e author.
|
| 245 |
1 |
0 |
|a Testen in Scrum-Projekten :
|b Leitfaden für Softwarequalität in der agilen Welt : Aus- und Weiterbildung zum ISTQB Certified Agile Tester - Foundation Extension /
|c Tilo Linz.
|
| 250 |
|
|
|a 2., aktualisierte und überarbeitete Auflage.
|
| 264 |
|
1 |
|a Heidelberg :
|b Dpunkt.verlag,
|c 2017.
|
| 300 |
|
|
|a 1 online resource (1 volume) :
|b illustrations
|
| 336 |
|
|
|a text
|b txt
|2 rdacontent
|
| 337 |
|
|
|a computer
|b c
|2 rdamedia
|
| 338 |
|
|
|a online resource
|b cr
|2 rdacarrier
|
| 588 |
|
|
|a Description based on online resource; title from title page (Safari, viewed February 23, 2017).
|
| 500 |
|
|
|a Previous edition published: 2013.
|
| 504 |
|
|
|a Includes bibliographical references and index.
|
| 630 |
0 |
0 |
|a Microsoft .NET Framework.
|
| 630 |
0 |
7 |
|a Microsoft .NET Framework.
|2 fast
|0 (OCoLC)fst01020083
|
| 650 |
|
0 |
|a Agile software development.
|
| 650 |
|
0 |
|a Computer software
|x Development.
|
| 650 |
|
0 |
|a Scrum (Computer software development)
|
| 650 |
|
6 |
|a Méthodes agiles (Développement de logiciels)
|
| 650 |
|
6 |
|a Scrum (Développement de logiciels)
|
| 650 |
|
7 |
|a Agile software development.
|2 fast
|0 (OCoLC)fst01743753
|
| 650 |
|
7 |
|a Computer software
|x Development.
|2 fast
|0 (OCoLC)fst00872537
|
| 650 |
|
7 |
|a Scrum (Computer software development)
|2 fast
|0 (OCoLC)fst01109448
|
| 856 |
4 |
0 |
|u https://proxy.library.tamu.edu/login?url=https://go.oreilly.com/TAMU/library/view/-/9781492019763/?ar
|z Connect to the full text of this electronic book
|t 0
|
| 955 |
|
|
|a Safari/O'Reilly ebooks
|
| 994 |
|
|
|a 92
|b TXA
|
| 999 |
f |
f |
|s 1d2b805f-eac9-48d0-ac1f-887008c251e7
|i 2d7ee367-43a3-4b49-900e-a382d0d11054
|t 0
|
| 952 |
f |
f |
|a Texas A&M University
|b College Station
|c Electronic Resources
|s www_evans
|d Available Online
|t 0
|e QA76.758
|h Library of Congress classification
|
| 998 |
f |
f |
|a QA76.758
|t 0
|l Available Online
|